000 00445cam a2200181ua 4500
001 8905
008 150218n ii |||gr||||Z||||||eng
040 _cMAIN
041 _aeng
082 _a001
100 _aNath, D.,
_eEditor.
245 1 _aGeneral studies for ACS/ APS :
_bPreliminary examination /
_cEdited by D. Nath .
250 _a1st.
260 _aGuwahati:
_bAssam,
_c2012.
300 _a1080p.
653 _aKnowledge
942 _cBK
999 _c7999
_d7999